000 00417nam a2200157Ia 4500
005 20250403083618.0
008 231217s9999 xx 000 0 und d
020 _a9788121902410
082 _a346 SHU;2 R1
100 _aShukla, M C.
245 2 _aA manual of mercantile law including industrial law
260 _c2002
_bS Chand
_aNew Delhi
300 _axii, 732
650 _amercantile,law,law
942 _cAA
999 _c190492
_d190492